00560nam a22001817a 450000500170000001000150001702000260003203500140005803700090007208200150008110000210009624500450011725000060016226000570016827000750022530000200030050000580032020260101144254.0 aENG-147377 a9789364448796c975.00 aEN-130909 bDBAD a709.95421 aSinghania, Nitin aIndian Art and Culture/cNitin Singhania a6 aChennaibMcGraw Hill Education Private Limitedc2025 bChennaiaAnjana Complex No. 5/90 A, Butt Road, St Thomas Mounte600016 a542p.c24cm(pb) aFor Civil Services and other Competitive Examinations